Statistiques concernant Les 25 pays avec le plus de sites inscrits à l'UNESCO

Cliquez ici pour prendre le quiz!

Statistiques générales

  • Ce quiz a été pris 285 fois
  • Le résultat moyen est 22 sur 25

Statistiques - réponses

Nombre de sitesPays% Correct
45France
100%
55Chine
99%
48Espagne
98%
24Etats-Unis
98%
29Russie
98%
55Italie
97%
20Brésil
96%
23Japon
96%
46Allemagne
95%
22Canada
95%
35Mexique
95%
38Inde
94%
32Royaume-Uni
94%
20Australie
91%
17Portugal
90%
18Grèce
89%
15Suède
86%
12Suisse
86%
18Turquie
86%
16Pologne
81%
14Corée
79%
13Belgique
77%
12Pérou
76%
24Iran
70%
14Tchéquie
46%

Distribution des résultats

Percentile par nombre de réponses

% des personnes avec chaque résultat

Votre développement - résultats

Vous n’avez pas pris ce quiz